000 00551nam a22001817a 4500
003 LK-CoDNM
005 20250228152904.0
008 250228b |||||||| |||| 00| 0 eng d
040 _aLK-CoDNM
_dLK-CoDNM
_eLK-CoDNM
041 _asin
080 _aRC
_b632
100 _aඑච්.ටී. බස්නායක.
245 _aලංකාවේ ශිෂ්ටාචරය(3)
260 _aකොළඹ
_bඇස්. ගොඩගේ සහ සහෝදරයෝ
_c2005
300 _a451p. map ; 22 cm
650 _aSri lanka histroy
942 _cBK
999 _c238597
_d238597